Efficacy of our criminal justice system to combat corruption: A critical introspection (Record no. 94169)

000 -LEADER
fixed length control field 01266pab a2200181 454500
008 - FIXED-LENGTH DATA ELEMENTS--GENERAL INFORMATION
fixed length control field 180718b2011 xxu||||| |||| 00| 0 eng d
100 ## - MAIN ENTRY--PERSONAL NAME
Personal name Guha Roy, Jaytilak
245 ## - TITLE STATEMENT
Title Efficacy of our criminal justice system to combat corruption: A critical introspection
260 ## - PUBLICATION, DISTRIBUTION, ETC.
Date of publication, distribution, etc. 2011
300 ## - PHYSICAL DESCRIPTION
Extent p.621-627
362 ## - DATES OF PUBLICATION AND/OR SEQUENTIAL DESIGNATION
Dates of publication and/or sequential designation Jul-Sep
520 ## - SUMMARY, ETC.
Summary, etc. The existing criminal justice system of the country has been suffering from cetain maladies resulting in a wide performance gap on a persistent basis. Lack of coordination between police and prosecution is one of the major handicaps it faces, besides want of professional capability and competence of police personnel in crime investigation. This is reflected in the poor rate of conviction in criminal offences. Moreover, the existing accused-oriented system needs to be replaced with a victim-oriented one, and for this, the burden of proof should lay with the accused. The existing criminal justice system in India, which remains by and large a colonial legacy, needs radical reforms to make it effective in the fight against deep-rooted corruption in our society. - Reproduced.
650 ## - SUBJECT ADDED ENTRY--TOPICAL TERM
Topical term or geographic name entry element Criminal law
650 ## - SUBJECT ADDED ENTRY--TOPICAL TERM
Topical term or geographic name entry element Corruption
773 ## - HOST ITEM ENTRY
Main entry heading Indian Journal of Public Administration
908 ## - PUT COMMAND PARAMETER (RLIN)
Put command parameter N
909 ## -
-- 94169
Holdings
Withdrawn status Lost status Damaged status Not for loan Permanent Location Current Location Date acquired Serial Enumeration / chronology Barcode Date last seen Price effective from Koha item type
        Indian Institute of Public Administration Indian Institute of Public Administration 2018-07-19 Volume no: 57, Issue no: 3 AR94629 2018-07-19 2018-07-19 Articles

Powered by Koha